[Event "Steinfurt Bezirksliga 0405"]
[Site "Germany"]
[Date "2004.09.25"]
[Round "1.2"]
[White "Isfort, Dieter"]
[Black "Grigowski, Heiko"]
[Result "0-1"]
[WhiteElo "1727"]
[BlackElo "1554"]
[PlyCount "74"]
[EventDate "2004.09.25"]
[EventType "team-tourn"]
[EventRounds "11"]
[EventCountry "GER"]
[SourceTitle "EXT 2006"]
[Source "ChessBase"]
[SourceDate "2005.11.24"]
[SourceVersion "1"]
[SourceVersionDate "2005.11.24"]
[SourceQuality "1"]
[WhiteTeam "Rheine Klein Berlin II"]
[BlackTeam "Reckenfeld"]
[WhiteTeamCountry "GER"]
[BlackTeamCountry "GER"]

1. d4 d5 2. c4 dxc4 3. Nc3 Nf6 4. e4 e6 5. Bxc4 a6 6. Nge2 b5 7. Bd3 Bb7 8. f3 c5 9. Be3 c4 10. Bc2 Nc6 11. a3 Qc7 12. 0-0 Rd8 13. Qe1 Be7 14. Qf2 Rd7 15. Rfd1 b4 16. axb4 Nxb4 17. Ba4 Bc6 18. Bxc6 Qxc6 19. Nf4 0-0 20. e5 Nfd5 21. Ncxd5 exd5 22. Bd2 Rb8 23. Rdc1 Bg5 24. Bxb4 Bxf4 25. Bd6 Rxd6 26. exd6 Bxc1 27. Rxc1 Qxd6 28. Qd2 Qb4 29. Rc2 Qxd2 30. Rxd2 Rb3 31. Kf2 f6 32. Ke2 Kf7 33. Kd1 a5 34. Kc2 a4 35. Rd1 a3 36. Rb1 axb2 37. Rxb2 Rd3 0-1

[Event "Steinfurt Bezirksliga 0304"]
[Site "Germany"]
[Date "2004.05.08"]
[Round "8.2"]
[White "Grigowski, Heiko"]
[Black "Huesmann, Stephan"]
[Result "1-0"]
[WhiteElo "1498"]
[BlackElo "1721"]
[PlyCount "159"]
[EventDate "2003.10.18"]
[EventType "team-tourn"]
[EventRounds "9"]
[EventCountry "GER"]
[SourceTitle "EXT 2005"]
[Source "ChessBase"]
[SourceDate "2004.11.15"]
[SourceVersion "1"]
[SourceVersionDate "2004.11.15"]
[SourceQuality "1"]
[WhiteTeam "Reckenfeld"]
[BlackTeam "Rheine Klein Berlin II"]
[WhiteTeamCountry "GER"]
[BlackTeamCountry "GER"]

1. e4 e6 2. Nc3 c5 3. Bc4 Nc6 4. Nf3 a6 5. a3 b5 6. Ba2 Bb7 7. d3 Rc8 8. 0-0 Bd6 9. Ne2 Bb8 10. Bg5 Nge7 11. Qc1 h6 12. Bf4 d6 13. Bg3 Ng6 14. Nd2 h5 15. f4 h4 16. Be1 Ba7 17. f5 exf5 18. Rxf5 Rc7 19. Nf3 Bc8 20. Rg5 c4+ 21. Kh1 cxd3 22. cxd3 h3 23. Bc3 hxg2+ 24. Rxg2 Nce5 25. Nxe5 dxe5 26. Qg5 Re7 27. Bxf7+ Rxf7 28. Qxg6 Rh6 29. Qg5 Rhf6 30. Qxe5+ Be6 31. Qh5 Rh6 32. Qg5 Qxg5 33. Rxg5 Bb8 34. Be5 Bxe5 35. Rxe5 Rf2 36. Ng3 Rhxh2+ 37. Kg1 Rfg2+ 38. Kf1 Rxg3 39. Rxe6+ Kd7 40. Rxa6 Rxb2 41. Rd1 g5 42. e5 Rh3 43. Kg1 g4 44. Rd6+ Ke7 45. Rc1 Rg3+ 46. Kf1 Rf3+ 47. Ke1 Re3+ 48. Kd1 Rxe5 49. Rg6 Rh5 50. Rc7+ Kd8 51. Kc1 Rf2 52. Rc2 Rh1+ 53. Kb2 Rxc2+ 54. Kxc2 Rg1 55. Rg5 Rg2+ 56. Kc3 g3 57. Rxb5 Ra2 58. Rg5 Rg2 59. Kd4 Rg1 60. Kd5 Ke7 61. d4 g2 62. a4 Kf6 63. Rg8 Kf5 64. a5 Kf4 65. a6 Ra1 66. Rxg2 Rxa6 67. Re2 Ra5+ 68. Kc6 Ra6+ 69. Kb5 Rd6 70. Kc5 Rd8 71. d5 Kf5 72. d6 Rc8+ 73. Kb6 Rc3 74. d7 Rb3+ 75. Kc7 Rc3+ 76. Kd8 Rh3 77. Re8 Kf6 78. Kc7 Rc3+ 79. Kb6 Rb3+ 80. Kc5 1-0

[Event "Steinfurt Bezirksliga 0203"]
[Site "Germany"]
[Date "2003.02.22"]
[Round "6.8"]
[White "Diepenbrock, Till"]
[Black "Grigowski, Heiko"]
[Result "0-1"]
[WhiteElo "1168"]
[BlackElo "1454"]
[PlyCount "54"]
[EventDate "2002.09.14"]
[EventType "team-tourn"]
[EventRounds "9"]
[EventCountry "GER"]
[SourceTitle "EXT 2004"]
[Source "ChessBase"]
[SourceDate "2003.11.25"]
[SourceVersion "1"]
[SourceVersionDate "2003.11.25"]
[SourceQuality "1"]
[WhiteTeam "Nordwalde II"]
[BlackTeam "Reckenfeld"]
[WhiteTeamCountry "GER"]
[BlackTeamCountry "GER"]

1. e4 e5 2. Nf3 Nc6 3. Bc4 h6 4. d3 Nf6 5. a3 Bc5 6. h3 a6 7. Nc3 d6 8. 0-0 Be6 9. b4 Ba7 10. Bb2 Bxc4 11. dxc4 0-0 12. Qd3 Nh5 13. Rfd1 Nf4 14. Qf1 Nd4 15. Nxd4 Bxd4 16. g3 Nh5 17. Rd3 Qg5 18. Kh2 f5 19. Bc1 Qg6 20. Bf4 fxe4 21. Nd5 Rf7 22. Rxd4 exd4 23. Rd1 c6 24. Nb6 Raf8 25. Rxd4 Nxf4 26. gxf4 Rxf4 27. Rd2 e3 0-1